| 000 | 00601nam a22001697a 4500 | ||
|---|---|---|---|
| 003 | CEME | ||
| 005 | 20210628203519.0 | ||
| 008 | 210120b xxu||||| |||| 00| 0 eng d | ||
| 040 | _c. | ||
| 082 | _a200 THE | ||
| 100 |
_aJeffrey Jocsak, Dr Tian Tian, Dr Victor W.Wong _965936 |
||
| 245 | _aThe effects of surface finish on piston ring pack performance in advanced reciprocating engine systems | ||
| 260 |
_aMIT _bMIT _c2005 |
||
| 300 | _a103P | ||
| 650 |
_aMS-MECH-MIT.THE EFFECTS OF SURFACE FINISH ON PISTON RING PACK PERFORMANCE IN ADVANCED RECIPROCATING ENGINE SYSTEMS _965937 |
||
| 942 |
_cBK _2ddc |
||
| 999 |
_c574007 _d574007 |
||